000 00795nam a2200241Ia 4500
003 OSt
005 20220926001200.0
006 a|||||r|||| 00| 0
007 ta
008 220923b |||||||| |||| 00| 0 eng d
037 _cGeneral Book
040 _aRTL
_cRTL
_beng
041 _2eng
_aeng
082 _aV2,32-93(Y5926).N73<N71r, L3/GD
110 _aINDIA, HOME AFFAIRS ( Ministry of-)
245 0 _aCommitte on the welfare of scheduled castes and scheduled Tribes
_b Twenty - fourth report.
260 _a New Delhi
_bLok Sabha secretariat
_c1973
300 _aiv,72p.
_ccm.
500 _aAppendix :64-72p.
700 _aINDIA, HOME AFFAIRS ( Ministry of-)
942 _hV2,32-93(Y5926).N73<N71r, L3/GD
_cGB
_2CC
999 _c600818
_d600818